00421nam a2200157Ia 4500003000900000008004100009020001800050040001600068080001500084100001700099245008800116260002500204300001000229650001100239650001300250IN-BaIIA211028s9999 xx 000 0 eng d a81-250-0631-1 cIIA Library a299.1bSHA aSharma, R.S. 0aLooking for the AryanscR.S. Sharma  bOrient Longmanc1995 a106p. aAryans aReligion